000 00574nam a22002177a 4500
005 20260413122426.0
008 260413b |||||||| |||| 00| 0 eng d
020 _a9788197759079
040 _cFLL
041 _2Eng
_aEng
084 _aX:976:(Z) R5
100 _aMarkanda.P.C.
_91234723
245 _aCommentary on The Mediation Act, 2023
250 _a1st
260 _aHaryana,India
_bLexis Nexis
_c2025
300 _axl,642 p.
650 _aArbitration
_9681512
700 _aMarkanda,Naresh
_91234738
700 _aMarkanda,Rajesh
_91234739
942 _2CC
_cTB
999 _c1848249
_d1848249